Neet Biology: (Record no. 184413)

MARC details
000 -LEADER
fixed length control field 00569nam a22001817a 4500
005 - DATE AND TIME OF LATEST TRANSACTION
control field 20220120103728.0
010 ## - LCCN (DPL NO)
LC control number ENG-131258
020 ## - INTERNATIONAL STANDARD BOOK NUMBER
International Standard Book Number 978-93-5322-576-6
Terms of availability 325.00
035 ## - SYSTEM CONTROL NUMBER
System control number EN-114790
037 ## - SOURCE OF ACQUISITION
Source of stock number/acquisition DBAD
082 ## - DEWEY DECIMAL CLASSIFICATION NUMBER
Classification number 574
100 ## - MAIN ENTRY--PERSONAL NAME
Personal name Mehrotra, Mamta
245 ## - TITLE STATEMENT
Title Neet Biology:
Statement of responsibility, etc Mamta Mehrotra, Bhagwan D Bulchandani
Remainder of title Chapter-wise & Topic-Wise solved Papers 2005-2020/
260 ## - PUBLICATION, DISTRIBUTION, ETC. (IMPRINT)
Place of publication, distribution, etc New Delhi
Name of publisher, distributor, etc Prabhat Prakashan
Date of publication, distribution, etc 2019
270 ## - ADDRESS
City New Delhi
Address 4/19, Asaf Ali Road
Postal code 110002
300 ## - PHYSICAL DESCRIPTION
Extent 337p.
Dimensions 27cm(pbk)
942 ## - ADDED ENTRY ELEMENTS (KOHA)
Source of classification or shelving scheme Dewey Decimal Classification
Item type English Books
Classification part 574
Call number suffix MEH
Holdings
Withdrawn status Lost status Not for loan Collection code Home library Current library Date acquired Source of acquisition Cost, normal purchase price Full call number Barcode Copy number Cost, replacement price Koha item type
      Non-fiction Central Library Central Library 20/01/2022 DBAD/PUB 325.00 574 MEH EN-114790 1 325.00 English Books

© Delhi Public Library
Hit Counter
free hit counter